000
00270nam a2200097Ia 4500
082
_a
787.8707 CHAP
245
0
_a
The new complete guitarist
100
_a
CHAPMAN, Richard London, 2003 Rev. ed
_9
75545
942
_c
BK
008
210817s9999 xx 000 0 und d
999
_c
250055
_d
250054